Revisión documental del sistema de gestión ambiental ISO 14001: 2004 en la Fábrica de Licores de Antioquia y realización de una evaluación de impacto ambiental (Registro nro. 447731)

Detalles MARC
000 -CABECERA
campo de control de longitud fija 01721nam a2200325uu 4500
001 - NÚMERO DE CONTROL
campo de control 1065320
005 - FECHA Y HORA DE LA ÚLTIMA TRANSACCIÓN
campo de control 20260507082641.0
007 - CAMPO FIJO DE DESCRIPCIÓN FÍSICA--INFORMACIÓN GENERAL
campo de control de longitud fija cr|||||||
008 - DATOS DE LONGITUD FIJA--INFORMACIÓN GENERAL
campo de control de longitud fija 080201e20060130 spa
035 ## - NÚMERO DE CONTROL DEL SISTEMA
Número de control de sistema 1065320
040 ## - FUENTE DE LA CATALOGACIÓN
Centro/agencia transcriptor comduadb
041 ## - CÓDIGO DE LENGUA
Código de lengua del texto/banda sonora o título independiente spa
080 ## - NÚMERO DE LA CLASIFICACIÓN DECIMAL UNIVERSAL
Número de la Clasificación Decimal Universal PQU
100 10 - ENTRADA PRINCIPAL--NOMBRE DE PERSONA
Nombre de persona Madrid Echeverri, Lina María
Código de función aut
Término indicativo de función/relación Autor/a
9 (RLIN) 452423
245 10 - TÍTULO PROPIAMENTE DICHO
Título propiamente dicho Revisión documental del sistema de gestión ambiental ISO 14001: 2004 en la Fábrica de Licores de Antioquia y realización de una evaluación de impacto ambiental
260 ## - PUBLICACIÓN, DISTRIBUCIÓN, ETC.
Lugar de publicación, distribución, etc. Medellín :
Nombre del editor, distribuidor, etc. [sin publicador],
Fecha de publicación, distribución, etc. 2006.
300 ## - DESCRIPCIÓN FÍSICA
Extensión 87 páginas
520 3# - SUMARIO, ETC.
Nota de Sumario, etc. La Fábrica de Licores de Antioquia ha decidido trabajar en la actualización de la documentación del sistema de gestión ambiental, en lo cual se logró elaborar documentos tales como, manual del sistema de gestión ambiental, procedimientos para la planificación, y un procedimiento para la evaluación de riesgos ambientales que presenta la Fabrica y que puede presentar a futuro, también se logró la evaluación de un aspecto ambiental significativo, la generación e residuos sólidos para el cual no se tenía ninguna medida para mitigar o prevenir dicho aspecto.
502 ## - NOTA DE TESIS
Tipo de título Tesis (Ingeniero/a Químico/a).
Nombre de la institución que otorga el título Universidad de Antioquia. Facultad de Ingeniería,
526 ## - NOTA DE INFORMACIÓN SOBRE EL PROGRAMA DE ESTUDIO
Nombre del programa Universidad de Antioquia. Facultad de Ingeniería. Ingeniería Química.
650 ## - PUNTO DE ACCESO ADICIONAL DE MATERIA--TÉRMINO DE MATERIA
Término de materia o nombre geográfico como elemento de entrada Fábrica de Licores de Antioquia (Empresa Comercial)
650 #7 - PUNTO DE ACCESO ADICIONAL DE MATERIA--TÉRMINO DE MATERIA
Término de materia o nombre geográfico como elemento de entrada Evaluación del impacto ambiental
Fuente del encabezamiento o término lemb
9 (RLIN) 71525
650 ## - PUNTO DE ACCESO ADICIONAL DE MATERIA--TÉRMINO DE MATERIA
Término de materia o nombre geográfico como elemento de entrada Sistemas de gestión ambiental
9 (RLIN) 27931
650 ## - PUNTO DE ACCESO ADICIONAL DE MATERIA--TÉRMINO DE MATERIA
Término de materia o nombre geográfico como elemento de entrada Norma ISO: 14001
9 (RLIN) 84562
650 ## - PUNTO DE ACCESO ADICIONAL DE MATERIA--TÉRMINO DE MATERIA
Término de materia o nombre geográfico como elemento de entrada Residuos sólidos industriales
9 (RLIN) 54103
700 10 - ENTRADA AGREGADA--NOMBRE PERSONAL
Nombre de persona Cadavid Wendell, Gustavo
Código de función ths
Término indicativo de función/relación Asesor/a de tesis
9 (RLIN) 451762
700 10 - ENTRADA AGREGADA--NOMBRE PERSONAL
Nombre de persona Sánchez Henao, Claudia Patricia
Código de función ths
Término indicativo de función/relación Asesor/a de tesis
9 (RLIN) 312418
700 10 - ENTRADA AGREGADA--NOMBRE PERSONAL
Nombre de persona Quintero Díaz, Juan Carlos
Código de función ths
Término indicativo de función/relación Asesor/a de tesis
9 (RLIN) 446099
942 ## - ELEMENTOS DE ENTRADA AGREGADA (KOHA)
Tipo de ítem Koha Tesis
Existencias
Estado de retiro Estado de pérdida Estado dañado No para préstamo Código de colección Localización permanente Ubicación/localización actual Fecha de adquisición Número de inventario Total de préstamos Signatura topográfica completa Fecha visto por última vez Número de copia Precio válido a partir de Tipo de ítem Koha
        Colección de Tesis Electrónicas Centro Documentación Ingeniería (Bl. 20-146) Centro Documentación Ingeniería (Bl. 20-146) 01/02/2008 C987937   PQU 00281 27/04/2023 1 27/04/2023 Internet